Planthoppers : (Record no. 11996)

000 -LEADER
fixed length control field 00649cam a2200193 a 4500
020 ## - INTERNATIONAL STANDARD BOOK NUMBER
ISBN 9789712202513 (pbk.)
040 ## - CATALOGING SOURCE
Transcribing agency NLGGC
082 ## - DEWEY DECIMAL CLASSIFICATION NUMBER
Classification number 633 INT 2009 A039 Or.
245 00 - TITLE STATEMENT
Title Planthoppers :
Remainder of title new threats to the sustainability of intensive rice production systems in Asia /
260 ## - PUBLICATION, DISTRIBUTION, ETC. (IMPRINT)
Place of publication Los Banos, Philippines :
Name of publisher International Rice Research Institute (IRRI),
Year of publication c2009.
300 ## - PHYSICAL DESCRIPTION
Number of Pages ix, 460 p. :
Other physical details ill. (some col.), maps ;
Dimensions 23 cm.
650 #0 - SUBJECT ADDED ENTRY--TOPICAL TERM
Topical Term Rice
650 #0 - SUBJECT ADDED ENTRY--TOPICAL TERM
Topical Term Planthoppers
650 #0 - SUBJECT ADDED ENTRY--TOPICAL TERM
Topical Term Planthoppers
700 1# - ADDED ENTRY--PERSONAL NAME
Personal name Heong, K. L.
700 1# - ADDED ENTRY--PERSONAL NAME
Personal name Hardy, B.
856 41 - ELECTRONIC LOCATION AND ACCESS
Uniform Resource Identifier http://www.loc.gov/catdir/toc/fy12pdf01/2011308029.html
942 ## - ADDED ENTRY ELEMENTS (KOHA)
Koha item type សៀវភៅភាសាអង់គ្លេស
952 ## - LOCATION AND ITEM INFORMATION (KOHA)
Withdrawn status [LOCAL, KOHA] 0
Holdings
Permanent Location Date acquired Koha item type Lost status Shelving location Barcode Current Location Full call number
Library Block A2017-08-09សៀវភៅភាសាអង់គ្លេស A039A21400Library Block A633 INT 2009 A039 Or.
មជ្ឈមណ្ឌលឯការនៃសាកលវិទ្យាល័យភូមិន្ទកសិកម្មចំការដូង

Powered by Koha